Klub konkretistů : katalog výstavy, Karlovy Vary, duben - květen 1969

Jazyk: Čeština
Vydáno: Karlovy Vary : Galerie umění, 1969
Témata:
Fyzický popis: [21] s., obr. příl. : il. ; 8°
Knihy
Uloženo v:
LEADER 01346nam a22003972a 4500
001 001616068
003 CZ BrMZK
005 20180510122328.0
007 ta
008 180212s1969 xr a erc||||||||||cze d
015 |a cnb000452088 
035 |a (OCoLC)42131016 
040 |a ABA001  |b cze  |c ABA001  |d ABA001  |d BOA001 
041 1 |a cze  |h eng 
043 |a e-xr--- 
045 |a x-x- 
072 7 |a 72/76  |x Výtvarné umění  |2 Konspekt  |9 21 
080 |a 72/76(437.3)  |2 MRF 
080 |a 7.036/.038  |2 MRF 
080 |a 7.071  |2 MRF 
080 |a (437.3)  |2 MRF 
080 |a (083.824)  |2 MRF 
245 0 0 |a Klub konkretistů :  |b katalog výstavy, Karlovy Vary, duben - květen 1969 
260 |a Karlovy Vary :  |b Galerie umění,  |c 1969 
300 |a [21] s., obr. příl. :  |b il. ;  |c 8° 
500 |a Částečně přeloženo z angličtiny 
610 2 7 |a Klub konkrétistů  |7 kn20050510034  |2 czenas 
648 7 |a 20. století  |7 ch460558  |2 czenas 
650 0 7 |a české výtvarné umění  |7 ph116865  |y 20. století  |2 czenas 
650 0 7 |a moderní umění  |7 ph115340  |z Česko  |2 czenas 
650 0 7 |a umělecké skupiny  |7 ph126906  |z Česko  |2 czenas 
655 7 |a katalogy výstav  |7 fd132536  |2 czenas 
910 |a BOA001  |b X-0623.925 
990 |a BK 
991 |b 201802 
996 6 |b 2618924206  |c X-0623.925  |l MZK  |r Sklad / do 24 hodin  |n 1  |w 001651663  |u 000010  |a 1  |e BOA001  |j MZK50  |s P